GROUND work of Nigerian history
Saved in:
| Hovedforfatter: | |
|---|---|
| Format: | Bog |
| Sprog: | engelsk |
| Udgivet: |
Heinemann Educational Books
1980
|
| Tags: |
Tilføj Tag
Ingen Tags, Vær først til at tagge denne postø!
|
MARC
| LEADER | 00000nam a22000007a 4500 | ||
|---|---|---|---|
| 008 | 210610b ||||| |||| 00| 0 eng d | ||
| 020 | |a 978-1-29-954-1 | ||
| 100 | |a edited by IKIME, Obaro | ||
| 245 | |a GROUND work of Nigerian history |c edited by Obaro Ikime. |g vii, 615p; ill. | ||
| 260 | |b Heinemann Educational Books |c 1980 |h Ibadan |i 694424 |l DT515.57 .G89 |m Nigeria – History. | ||
| 500 | |a “It includes references and index” | ||
| 942 | |a lcc |c BK |e YUNUSA, A.A. |f 10/6/21 | ||
| 952 | |0 0 |1 0 |2 lcc |4 0 |6 DT051557 G89 |7 0 |9 2563 |a HOL |b HOL |c AF |d 2021-06-10 |l 0 |o DT515.57 .G89 |p 2021-6414 |r 2021-06-10 00:00:00 |w 2021-06-10 |y BK | ||
| 999 | |c 1339 |d 1339 | ||